Evolution

Guardat en:
Dades bibliogràfiques
Autor principal: Ridley, Mark
Format: Llibre
Idioma:Undetermined
Publicat: Boston Blackwell Scientific 1993
Matèries:
Etiquetes: Afegir etiqueta
Sense etiquetes, Sigues el primer a etiquetar aquest registre!
Thư viện lưu trữ: Trung tâm Học liệu Trường Đại học Cần Thơ
LEADER 00451nam a2200181Ia 4500
001 CTU_127203
008 210402s9999 xx 000 0 und d
082 |a 575 
082 |b R546 
100 |a Ridley, Mark 
245 0 |a Evolution 
245 0 |c Mark Ridley 
260 |a Boston 
260 |b Blackwell Scientific 
260 |c 1993 
650 |a Evolution (Biology) 
904 |i Hiếu 
980 |a Trung tâm Học liệu Trường Đại học Cần Thơ